Liedtext: Herbert Grönemeyer - Morgen - Statistiken

Allgemein
  • Dieses Quiz wurde 11 mal gespielt
  • Das Durchschnittsergebnis liegt bei 161 aus 315
Antwortstatistiken
Textquiz % Korrekt
morgen
90%
Sind
90%
du
80%
Du
80%
ich
80%
Ich
80%
Und
80%
und
80%
wir
80%
an
70%
das
70%
dein
70%
den
70%
Liebe
70%
mir
70%
mit
70%
nicht
70%
so
70%
Wer
70%
dass
60%
deine
60%
der
60%
die
60%
Die
60%
im
60%
in
60%
ist
60%
mein
60%
meine
60%
mich
60%
noch
60%
Noch
60%
was
60%
zu
60%
alles
50%
Augen
50%
bei
50%
bin
50%
bis
50%
bist
50%
deiner
50%
dich
50%
eine
50%
hab
50%
Licht
50%
los
50%
man
50%
seh
50%
uns
50%
wenn
50%
abgeschritten
40%
aus
40%
dir
40%
durch
40%
Enge
40%
fest
40%
für
40%
Horizonte
40%
ins
40%
jeden
40%
kann
40%
keinen
40%
lässt
40%
Leben
40%
liebst
40%
Löschst
40%
meinem
40%
Punkte
40%
Rest
40%
sehen
40%
sich
40%
Tag
40%
tanzen
40%
viel
40%
war
40%
werde
40%
werden
40%
Wirst
40%
zusammen
40%
Anker
30%
Batterie
30%
beide
30%
bestimmt
30%
Betrieb
30%
Bleibst
30%
brauch
30%
eines
30%
einfach
30%
explodierst
30%
Fangen
30%
Feinmatrose
30%
frag
30%
frisiert
30%
Gedicht
30%
Gemenge
30%
gewinnt
30%
Gewühl
30%
immer
30%
Kopf
30%
Lichtest
30%
Liegen
30%
liegen
30%
Lippen
30%
lotstest
30%
Machen
30%
nimmst
30%
Schlaf
30%
selbst
30%
solange
30%
Sterne
30%
stolz
30%
streiten
30%
Tage
30%
Test
30%
vergisst
30%
verschwenden
30%
vor
30%
wacht
30%
Wahrheiten
30%
Weg
30%
Widmest
30%
zum
30%
bejahen
20%
Bestehen
20%
dreht
20%
einzige
20%
fernen
20%
Gebet
20%
gesetzt
20%
Gnade
20%
Grenzen
20%
Häfen
20%
irgendwann
20%
längst
20%
letzten
20%
oft
20%
riskiert
20%
rückwärts
20%
rumsteht
20%
schlag
20%
überfliegen
20%
Untersuchst
20%
vergessen
20%
Vertrauen
20%
verwenden
20%
Vorbote
20%
weit
20%
Welt
20%
Keine übereinstimmenden Quizze gefunden
Verteilung der Resultate
Anzahl Personen mit jedem Resultat
Perzentil nach korrekt beantworteten Fragen
Ihre Resultats-Entwicklung
Sie haben dieses Quiz noch nicht gespielt